Chicago Suburbs - Sudden Death - Statistics

General Stats
  • This quiz has been taken 76 times
  • The average score is 11 of 20
Answers on the Grid
Answers color-coded by a green-red scale on the quiz's grid according to % correct below.
Highland Park
Arlington Heights
Yonkers
Royal Oak
Burbank
Evanston
Cicero
Springfield
Oak Park
Chesterfield
Tinley Park
Waukegan
Elgin
Skokie
Fairview Park
Hoffman Estates
Des Plaines
Hillsboro
Bethesda
Schaumburg
Lake Mary
Cairo
Aurora
Kirkwood
Newton
Hinsdale
Joliet
Rochester Hills
Westerville
Naperville
Dunwoody
Roselle
Scarsdale
Irving
Decatur
Rosemont
Palatine
Liberty
Germantown
Niles
 
Answer Stats
Answer % Correct
Arlington Heights
76%
Evanston
75%
Highland Park
73%
Cicero
63%
Elgin
63%
Naperville
63%
Oak Park
63%
Aurora
61%
Des Plaines
59%
Schaumburg
59%
Skokie
59%
Joliet
57%
Tinley Park
53%
Waukegan
49%
Rosemont
47%
Hoffman Estates
43%
Palatine
43%
Hinsdale
41%
Niles
41%
Roselle
33%
No matching quizzes found
Score Distribution
Percent of People with Each Score
Percentile by Number Answered
Your Score History
You have not taken this quiz